Central Library OPAC University of Rajshahi

Report To The United Nations : (Record no. 51753)

MARC details
000 -LEADER
fixed length control field 00620nam a2200193 a 4500
001 - CONTROL NUMBER
control field 51753
003 - CONTROL NUMBER IDENTIFIER
rucl marc code BD-RjUL
005 - DATE AND TIME OF LATEST TRANSACTION
control field 20211209075716.0
008 - FIXED-LENGTH DATA ELEMENTS--GENERAL INFORMATION
fixed length control field 161126s1950 fr a b 000 0 eng
035 ## - SYSTEM CONTROL NUMBER
System control number (BD-RjUL)51873
040 ## - CATALOGING SOURCE
Original cataloging agency DLC
Transcribing agency DLC
Modifying agency DLC
Language of cataloging eng
041 ## - LANGUAGE CODE
Language code of text/sound track or separate title eng
082 ## - DEWEY DECIMAL CLASSIFICATION NUMBER
Classification number 001.0601
Edition number 23
Author mark and year UNR 1950
110 1# - MAIN ENTRY--CORPORATE NAME
Corporate name or jurisdiction name as entry element United Nations Educational, Scientific and Cultural Organization
9 (RLIN) 166943
245 ## - TITLE STATEMENT
Title Report To The United Nations :
Remainder of title 1949-1950 /
Statement of responsibility, etc. United Nations Educational, Scientific and Cultural Organization
260 ## - PUBLICATION, DISTRIBUTION, ETC. (IMPRINT)
Place of publication, distribution, etc. Paris:
Name of publisher, distributor, etc. Unesco,
Date of publication, distribution, etc. 1950
300 ## - PHYSICAL DESCRIPTION
Pagination 198 p. :
Illustrations ill. ;
Size 24 cm.
942 ## - ADDED ENTRY ELEMENTS (KOHA)
Source of classification or shelving scheme Dewey Decimal Classification
Koha item type Rare Books
Holdings
Lost status Source of classification or shelving scheme Damaged status Not for loan Collection code Permanent Location Current Location Shelving location Date acquired Source of acquisition Cost, normal purchase price Total Checkouts Full call number Date last seen Copy number Koha item type
  Dewey Decimal Classification   Not For Loan Rare Books Central Library, University of Rajshahi Central Library, University of Rajshahi Rare Book Section 01/02/1962 A.I. Quraisi 5.00   RA 001.0601 UNR 1950 26/11/2016 C-1 Rare Books